Obras dramáticas de Guillermo Shakespeare / (Record no. 165312)

MARC details
000 -LEADER
campo de control de longitud fija 01223nam a22002535i 4500
001 - NÚMERO DE CONTROL
campo de control 165312
003 - IDENTIFICADOR DE NÚMERO DE CONTROL
campo de control ES-MaACL
005 - FECHA Y HORA DE LA ÚLTIMA TRANSACCIÓN
campo de control 20250716062538.0
008 - DATOS DE LONGITUD FIJA--INFORMACIÓN GENERAL
campo de control de longitud fija 990701m18851897sp |||| | spa d
040 ## - FUENTE DE CATALOGACIÓN
Centro catalogador/agencia de origen GA
Lengua de catalogación spa
Centro/agencia transcriptor CCPB | 3D
100 1# - ENTRADA PRINCIPAL--NOMBRE DE PERSONA
Nombre de persona Shakespeare, William,
Fechas asociadas al nombre 1564-1616
9 (RLIN) 105992
245 10 - MENCIÓN DEL TÍTULO
Título Obras dramáticas de Guillermo Shakespeare /
Mención de responsabilidad, etc. versión castellana de Guillermo Macpherson ; con un estudio preliminar de Eduardo Benot.
260 ## - PUBLICACIÓN, DISTRIBUCIÓN, ETC.
Lugar de publicación, distribución, etc. Madrid :
Nombre del editor, distribuidor, etc. Librería de la Viuda de Hernando y Ca.,
Fecha de publicación, distribución, etc. 1885-1897 (
Fabricante Establecimiento Tipográfico "Sucesores de Rivadeneyra" : Imprenta de la Viuda de Hernando y Ca.)
300 ## - DESCRIPCIÓN FÍSICA
Extensión 8 v. ;
Dimensiones 18 cm.
490 1# - MENCIÓN DE SERIE
Mención de serie Biblioteca clásica ;
Designación de volumen o secuencia 102, 166, 190, 195 y 201
500 ## - NOTA GENERAL
Nota general Los tomos I-III, Luis Navarro, editor.
590 ## - NOTA LOCAL (RLIN)
Nota local Descripción basada en t. IV.
596 ## - NOTA AL PIE DE IMPRENTA
NOTA AL PIE DE IMPRENTA Imp. de los t. IV, V y VII : Sucesores de Rivadeneyra ; y de los t. VI y VIII : Viuda de Hernando y Ca.
700 0# - ENTRADA AGREGADA--NOMBRE PERSONAL
Nombre de persona Benot, Eduardo.
9 (RLIN) 27763
700 1# - ENTRADA AGREGADA--NOMBRE PERSONAL
Nombre de persona Macpherson, William.
9 (RLIN) 129278
830 0# - PUNTO DE ACCESO ADICIONAL DE SERIE-TÍTULO UNIFORME
Título uniforme Biblioteca clásica ;
Designación de volumen o secuencia 102, 166, 190, 195 y 201
9 (RLIN) 180370
852 ## - LOCALIZACIÓN
Ubicación ES-MaACL
Número de control de estantería F-13262-69
Nota libre -- Enc. ed. en tela, excepto T. I y III en hol.
condición física -- T. III falto de port.
Holdings
Estatus retirado Estado de pérdida Estado de daño No para préstamo Colección Biblioteca de origen Biblioteca actual Ubicación en estantería Fecha de adquisición Total de préstamos Signatura topográfica completa Código de barras Visto por última vez Precio de reemplazo Tipo de ítem Koha
        Libros del s. XIX Biblioteca del Ateneo de Madrid Biblioteca del Ateneo de Madrid Sala Pecera Planta 2 17/01/2008   F-13262-69 1173347 23/02/2023 23/02/2023 Libro impreso antiguo